Elementary number theory, group theory, and Ramanujan graphs

This text is a self-contained study of expander graphs, specifically, their explicit construction. It analysis and combinatorics is required because the authors provide the necessary background from graph theory, number theory, group theory and representation theory.

Shranjeno v:
Bibliografske podrobnosti
Glavni avtor: Davidoff, Giuliana P.
Format: Knjiga
Jezik:Undetermined
Izdano: New York Cambridge University Press 2003
Teme:
Oznake: Označite
Brez oznak, prvi označite!
Thư viện lưu trữ: Trung tâm Học liệu Trường Đại học Cần Thơ
LEADER 00905nam a2200205Ia 4500
001 CTU_167062
008 210402s9999 xx 000 0 und d
020 |c 35.99 
082 |a 511.5 
082 |b D249 
100 |a Davidoff, Giuliana P. 
245 0 |a Elementary number theory, group theory, and Ramanujan graphs 
245 0 |c Giuliana Davidoff, Peter Sarnak, Alain Valette 
260 |a New York 
260 |b Cambridge University Press 
260 |c 2003 
520 |a This text is a self-contained study of expander graphs, specifically, their explicit construction. It analysis and combinatorics is required because the authors provide the necessary background from graph theory, number theory, group theory and representation theory. 
650 |a Graph theory,Number theory,Lý thuyết số học 
904 |i Lan Anh, Trúc 
980 |a Trung tâm Học liệu Trường Đại học Cần Thơ